| 000 | 00579nam a2200181Ia 4500 | ||
|---|---|---|---|
| 005 | 20250606100441.0 | ||
| 008 | 231217s9999 xx 000 0 und d | ||
| 020 | _a9780070146457 | ||
| 082 | _a658.076 SHA;6 R | ||
| 100 | _aSharma, Arun. Upadhyay, Meenakshi. | ||
| 245 | 0 | _aHow to prepare for verbal ability and reading comprehension for the CAT | |
| 250 | _a2nd ed. | ||
| 260 |
_c2010 _bTata McGraw-Hill _aNew Delhi |
||
| 300 | _axvii, 5.34 | ||
| 400 | _aTata Mcgraw-hill winning edge series | ||
| 650 | _aprepare,verbal,ability,reading,comprehension,CAT | ||
| 942 | _cAA | ||
| 999 |
_c187539 _d187539 |
||